Historia económica: economía antigua y medioval. La política economista de los estados
Պահպանված է:
| Հիմնական հեղինակ: | |
|---|---|
| Ձևաչափ: | Գիրք |
| Լեզու: | իսպաներեն |
| Հրապարակվել է: |
Ciudad de México
América
1940
|
| Շարք: | Biblioteca de Economía Política. Rodrigo García Treviño
|
| Խորագրեր: | |
| Ցուցիչներ: |
Ավելացրեք ցուցիչ
Չկան պիտակներ, Եղեք առաջինը, ով նշում է այս գրառումը!
|
MARC
| LEADER | 00000nam a2200000 a 4500 | ||
|---|---|---|---|
| 001 | UCW9611 | ||
| 003 | CL-VaPUC | ||
| 008 | 890530e19400000MX |||||||||||||||||spa|d | ||
| 082 | 0 | 4 | |a 330 |b CIO |2 21 |
| 100 | 0 | |a Cioli, Lionello |e author |9 314929 | |
| 245 | 1 | 0 | |a Historia económica: economía antigua y medioval. La política economista de los estados |
| 300 | |a 203 p | ||
| 942 | |c BK | ||
| 945 | |d 19890530 00:00:00 | ||
| 260 | |a Ciudad de México |b América |c 1940 | ||
| 650 | 0 | |a Economía |9 255568 | |
| 583 | |a last modification |c 19890530 00:00:00 |k Rodrigo Vera | ||
| 490 | 0 | |a Biblioteca de Economía Política. Rodrigo García Treviño | |
| 999 | |c 221528 |d 221526 | ||
| 952 | |0 0 |1 0 |4 0 |6 330_000000000000000_CIO_1940 |7 0 |8 X |9 214966 |a BIBHIS |b BIBHIS |d 2019-11-15 |i 2835312 |o 330 CIO 1940 |p 2835312 |r 2024-01-30 |w 2019-11-15 |y BK_X |k HIS | ||